Score 0/14 Timer 02:00
2 Plays Today
% Correct
Ingmar Bergman
91.5%
Ingrid Bergman
91%
Elin Nordegren
88.4%
Nicklas 'Mr. Perfect' Lidström
87.4%
Dolph Lundgren
86.8%
Ingvar Kamprad
83.5%
Greta Garbo
81.5%
% Correct
Gustaf VI Adolf
79.8%
Olof Palme
78.8%
Mats Sundin
77.2%
Noomi Rapace
63.3%
Zlatan Ibrahimovic
62%
Rutabaga
45.6%
Fares Fares
43.1%
Remove Ads.
Support Sporcle.
Get the best of Sporcle when you Go Orange. This ad-free experience offers more features, more stats, and more fun while also helping to support Sporcle. Thank you for becoming a member.

You're not logged in!

Compare scores with friends on all Sporcle quizzes.
OR
Log In

Show Comments

Extras

Top Quizzes Today


Score Distribution

Your Account Isn't Verified!

In order to create a playlist on Sporcle, you need to verify the email address you used during registration. Go to your Sporcle Settings to finish the process.

Report this User

Report this user for behavior that violates our Community Guidelines.

Details: